000 01156nam a2200301 a 4500
001 ebr10567293
003 CaPaEBR
006 m u
007 cr cn|||||||||
008 120613s2008 enk sb 000 0 eng d
020 _z9781847600622 (e-book)
040 _aCaPaEBR
_cCaPaEBR
035 _a(OCoLC)743065574
043 _ae-it---
050 1 4 _aDG552
_b.C43 2008eb
100 1 _aChapman, Tim.
245 1 4 _aThe Risorgimento
_h[electronic resource] :
_bItaly 1815-71 /
_cTim Chapman.
260 _aTirril [England] ;
_aPenrith, Calif. :
_bHumanities-Ebooks,
_c2008.
300 _a85 p.
490 0 _aHistory insights
504 _aIncludes bibliographical references.
533 _aElectronic reproduction.
_bPalo Alto, Calif. :
_cebrary,
_d2011.
_nAvailable via World Wide Web.
_nAccess may be limited to ebrary affiliated libraries.
651 0 _aItaly
_xHistory
_y1815-1870.
651 0 _aItaly
_xPolitics and government
_y1815-1870.
655 7 _aElectronic books.
_2local
710 2 _aebrary, Inc.
856 4 0 _uhttp://site.ebrary.com/lib/rucke/Doc?id=10567293
_zAn electronic book accessible through the World Wide Web; click to view
999 _c93284
_d93284